Alfaaz ki Mehfil: (Record no. 214299)

MARC details
000 -LEADER
fixed length control field 00727nam a22002297a 4500
005 - DATE AND TIME OF LATEST TRANSACTION
control field 20260120121212.0
010 ## - LCCN (DPL NO)
LC control number ENG-147547 ENG-147550
020 ## - INTERNATIONAL STANDARD BOOK NUMBER
International Standard Book Number 9789357319591
Terms of availability 499.00
020 ## - INTERNATIONAL STANDARD BOOK NUMBER
International Standard Book Number 9789357316149
Terms of availability 699.00
035 ## - SYSTEM CONTROL NUMBER
System control number EN-131082
035 ## - SYSTEM CONTROL NUMBER
System control number EN-131079
037 ## - SOURCE OF ACQUISITION
Source of stock number/acquisition DBAD
082 ## - DEWEY DECIMAL CLASSIFICATION NUMBER
Classification number 881
Edition number 1
245 ## - TITLE STATEMENT
Title Alfaaz ki Mehfil:
Remainder of title An Anthology of Urdu Poetry/
Statement of responsibility, etc Edited By Satya Prabhakar
250 ## - EDITION STATEMENT
Edition statement 1
260 ## - PUBLICATION, DISTRIBUTION, ETC. (IMPRINT)
Place of publication, distribution, etc Gurugram
Name of publisher, distributor, etc Hachette Book Publishing Pvt. Ltd.
Date of publication, distribution, etc 2025
270 ## - ADDRESS
Address 4th&5th Floors, Corporate Centre Plot No. 94, Sector 44,
City Gurugram
Postal code 122003
300 ## - PHYSICAL DESCRIPTION
Extent 262p.
Dimensions 20cm(hb)(pb)
700 ## - ADDED ENTRY--PERSONAL NAME
Personal name Prabhakar, Satya
Relator term Editor
9 (RLIN) 86623
760 ## - MAIN SERIES ENTRY
Edition 1
942 ## - ADDED ENTRY ELEMENTS (KOHA)
Source of classification or shelving scheme Dewey Decimal Classification
Item type English Books
Classification part 881
Call number suffix ALF
Edition 1
Holdings
Withdrawn status Lost status Not for loan Collection code Home library Current library Date acquired Source of acquisition Cost, normal purchase price Full call number Barcode Copy number Cost, replacement price Koha item type
      Non-fiction Janak Puri Janak Puri 20/01/2026 Delivery of Books Act Division 699.00 881 ALF EN-131082 1 699.00 English Books
      Non-fiction Janak Puri Janak Puri 20/01/2026 Delivery of Books Act Division 499.00 881 ALF EN-131079 1 499.00 English Books

© Delhi Public Library
Hit Counter
free hit counter